| 000 | 00561cam a22002054a 4500 | ||
|---|---|---|---|
| 005 | 20250605164217.0 | ||
| 008 | 250528s ||||||||||||||||||||||||d | ||
| 035 | _a20501 | ||
| 020 | _a30857643 | ||
| 040 |
_aGR-AtMCL _bgre _dGR-AtMCL _eAACR2 |
||
| 245 | 1 | _aThe Cumberland | |
| 250 | _a1st | ||
| 260 |
_bHolt, Rinehart And Winston, _c1973 |
||
| 300 | _a228 | ||
| 520 | _aIntroduction: Cumberland Country, The Wilderness, The Frontier, Look Away - Look Away... | ||
| 700 | 1 |
_aMccague James _96485 |
|
| 942 | _cBK | ||
| 999 |
_c5603 _d5603 |
||